Tohoku mathematical journal the science reports of the Tohoku University, Sixth Series

Saved in:
Bibliographic Details
Format: Serial
Language:English
Published: Sendai : The Tohoku University, 1912-
Subjects:
Tags: Add Tag
No Tags, Be the first to tag this record!

MARC

LEADER 00000nas a2200000 i 4500
001 1/2108
008 000421c19129999 eng d
022 |a 00408735 
035 |l 10060277 
040 |a GR-MY-UA  |b gre  |e aacr 
041 0 |a eng 
082 0 |a 510.5 
245 1 0 |a Tohoku mathematical journal  |h [περιοδικό] :  |b the science reports of the Tohoku University, Sixth Series 
260 |a Sendai :   |b The Tohoku University,   |c 1912- 
300 |a v.;  |b ill.;  |c 23-27 cm. 
310 |a Quarterly 
650 0 0 |a Mathematics  |x Periodicals. 
853 |a INST  |b SAMOS 
922 |a 3ΕΛΗ  |b (198801)  |c ΚΕΝΤΡΙΚΗ ΒΙΒΛΙΟΘΚΗ  |d SWETS